Příspěvek k hodnocení vývoje spotřebních norem energií
Spotrebnou normou energií v naturálnom vyjadrení je mienená spotreba joulov na naturálne vyjadrenú kalkulačnú jednotku produkcie, akou je napr. 1 tona výrobku, 1 vyrobený kus. Príklad a prevedené prepočty. Časové rady NORMA 1 a NORMA 2. Regresia a výsledky regresie.
Guardado en:
| Autor principal: | |
|---|---|
| Otros Autores: | |
| Formato: | Capítulo de libro |
| Lenguaje: | checo |
| Materias: | |
| Etiquetas: |
Sin Etiquetas, Sea el primero en etiquetar este registro!
|
MARC
| LEADER | 00000naa$a2200000$$$4500 | ||
|---|---|---|---|
| 001 | 0005965 | ||
| 005 | 20231004104250.6 | ||
| 041 | 0 | |a cze | |
| 044 | |a CZ | ||
| 245 | 1 | 0 | |a Příspěvek k hodnocení vývoje spotřebních norem energií |c aut. Miroslav Farský, Martin Neruda |
| 520 | |a Spotrebnou normou energií v naturálnom vyjadrení je mienená spotreba joulov na naturálne vyjadrenú kalkulačnú jednotku produkcie, akou je napr. 1 tona výrobku, 1 vyrobený kus. Príklad a prevedené prepočty. Časové rady NORMA 1 a NORMA 2. Regresia a výsledky regresie. | ||
| 610 | 2 | 0 | |a spotreba energie |
| 610 | 2 | 0 | |a jednotka kalkulačná |
| 610 | 2 | 0 | |a regresia |
| 610 | 2 | 0 | |a rady časové |
| 610 | 2 | 0 | |a normy |
| 610 | 2 | 0 | |a energia |
| 100 | 1 | |a Farský, Miroslav | |
| 700 | 1 | |a Neruda, Martin | |